| 000 | 02629nam a22003377a 4500 | ||
|---|---|---|---|
| 003 | OSt | ||
| 005 | 20260204163331.0 | ||
| 007 | a | ||
| 008 | 260123b |||||||| |||| 00| 0 eng d | ||
| 020 | _a9781009315227 | ||
| 040 |
_aFoundation University _beng _cFoundation University _dFULib _erda |
||
| 050 |
_aJZ 36.3.A97 _b.2024 I58 |
||
| 240 | _aInternational relations | ||
| 245 | 0 | 0 |
_aAn introduction to international relations / _bedited by Richard Devetak and Daniel R. McCarthy. |
| 250 | _aFourth edition. | ||
| 260 |
_aAustralia : _bCambridge University Press, _c2024. |
||
| 264 | _42024. | ||
| 300 |
_3resource _axxvii, 563 pages : _bcolor illustrations ; _c25 cm. _fvolume |
||
| 336 |
_2rdacontent _atext _btxt |
||
| 337 |
_2rdamedia _aunmediated _bn |
||
| 338 |
_2rdacarrier _3resource _avolume _bnc |
||
| 504 | _aIncludes bibliographical references and index. | ||
| 520 | _aInternational Relations is a dynamic discipline, continually evolving in response to contemporary world politics. An Introduction to International Relations offers a foundational explanation of the theories, systems, actors and events that shape external relations between nations in today's global society. The fourth edition retains the existing structure, grouping chapters on theories, international history and the 'traditional' and 'new' agendas, while acknowledging that these exist alongside one another and intersect in complex ways. The text has been comprehensively updated and includes new chapters on post colonialism, the international politics of cyberspace, global public health and the futures of International Relations. New postcard boxes and case studies present contemporary examples of international relations in action, and discussion questions at the end of every chapter promote student engagement. Written by an expert author team of leading academics from Australia, New Zealand and around the world, An Introduction to International Relations remains a fundamental guide for students of international relations. -- Provided by the publisher. | ||
| 650 |
_aInternational relations _vHistory _914399 |
||
| 650 |
_aInternational relations in literature _vPolitical science _914400 |
||
| 658 |
_aPolitical Science, Master of Arts in : _bTheories of International Relations ; _cPOL340 |
||
| 700 |
_aDevetak, Richard. _eeditor _914401 |
||
| 700 |
_aMcCarthy, Daniel R., _eeditor _914402 |
||
| 856 |
_uhttps://drive.google.com/file/d/1lj9C8PPkkDAZTFBCy_KeOEI6bWlMtd6S/view?usp=sharing _yClick here to view the table of content |
||
| 942 |
_2lcc _cBK _eFourth edition. _hJZ 36.3.A97 _i.2024 I58 _k(CAS-PS) _n0 |
||
| 999 |
_c5480 _d5480 |
||